Средства электроной вычислительной техники: номенклатурный справочник на 1978 год; каталог "Изделия радиопромышленности"; Том 2

מידע ביבליוגרפי
מחבר תאגידי: Научно-исследовательский институт экономики и информации по радиоэлектронике
מחברים אחרים: Черняева С. И. (составитель)
סיכום:Исключено из фонда НТБ ТПУ
שפה:רוסית
יצא לאור: Москва, НИИЭИР, 1978
פורמט: MixedMaterials ספר
KOHA link:https://koha.lib.tpu.ru/cgi-bin/koha/opac-detail.pl?biblionumber=135815

MARC

LEADER 00000nam0a2200000 4500
001 135815
005 20231031140232.0
035 |a (RuTPU)RU\TPU\book\147193 
035 |a RU\TPU\book\146977 
090 |a 135815 
100 |a 20080415d1978 k y0rusy50 ca 
101 0 |a rus 
102 |a RU 
105 |a y b 001zy 
200 1 |a Средства электроной вычислительной техники  |e номенклатурный справочник на 1978 год  |e каталог "Изделия радиопромышленности"   |f Научно-исследовательский институт экономики и информации по радиоэлектронике ; сост. С. И. Черняева  |h Том 2 
210 |a Москва  |c НИИЭИР  |d 1978 
215 |a 20 с. 
333 |a Исключено из фонда НТБ ТПУ 
702 1 |a Черняева  |b С. И.  |4 220 
712 0 2 |a Научно-исследовательский институт экономики и информации по радиоэлектронике 
801 1 |a RU  |b 63413507  |c 20080414  |g PSBO 
801 2 |a RU  |b 63413507  |c 20220620  |g PSBO 
942 |c BK